000 00389nam a22001337a 4500
005 20260310085218.0
008 260310b |||||||| |||| 00| 0 eng d
040 _cRTC
082 _aREF 420.24 ROY
110 _aRoyal Thimphu College
245 _aEAP 102 upper intermediate English for academic purposes :
_bcourse pack spring 2026
300 _a185 p.;
_c40 Cm
942 _2ddc
_cREFERENCE
999 _c10556
_d10557